Osmanlı'nın son döneminde Ermeniler (Record no. 6581)

MARC details
000 -BAŞLIK
Sabit Uzunlukta Kontrol Alanı 00752na a2200253 4500
001 - KONTROL NUMARASI
Denetim Alanı 19960
003 - KONTROL NUMARASI IDENTIFIER
Denetim Alanı MIRAKIL
005 - SON İŞLEM TARİHİ VE ZAMANI
Denetim Alanı 20181213155112.0
008 - SABİT-BOY VERİ ELEMANLARI - GENEL BİLGİLER
Sabit Uzunlukta Kontrol Alanı 161229b tu 000 0
020 ## - ULUSLARARASI STANDART KİTAP NUMARASI
Uluslararası Standart Kitap Numarası 9757479888
040 ## - KATALOGLAMA KAYNAK
Orijinal Kataloglama Ajansı Milas
Kataloglama Dili tur
Metne Dönüştürmek Ajansı TR-AnCHP
041 ## - DİL KODU
Metin / Ses Parça Veya Ayrı Başlığın Dil Kodu tur
082 ## - DEWEY ONLU SINIFLANDIRMA NUMARASI
Sınıflandırma Numarası 323.1472
Ürün Numarası O75 2002
090 ## - SINIFLAMA NUMARASI
Sınıflama Numarası 323.1472 O75 2002
245 ## - BAŞLIK TABLOSU
Başlık Osmanlı'nın son döneminde Ermeniler
Sorumluluk Tablosu, Vb editör Türkkaya Ataöv
260 ## - YAYIN, DAĞITIM, VB
Yayın, Dağıtım, Vb Yeri Ankara
Yayıncı, Dağıtıcı, Vs Adı Kültür, Sanat Yayın Kurlu Yayınları
Yayın, Dağıtım, Vb Tarihi 2002
300 ## - FİZİKSEL TANIM
Kapsam 343 s.
Boyutlar 24 sm.
490 ## - SERİSİ TABLOSU
Seri Beyanı Kültür, Sanat Yayın Kurlu Yayınları
Hacim / Ardışık Tanımı 94
500 ## - GENEL NOT
Genel Not Dizin var.
650 ## - KONU KATMA GİRİŞ - TOPİKAL DÖNEM
Topikal Süreli Veya Coğrafi Ad Giriş Elemanı Ermeniler
Genel Alt Bölümü Tarih
Coğrafi Alt Bölümü Türkiye
650 ## - KONU KATMA GİRİŞ - TOPİKAL DÖNEM
Topikal Süreli Veya Coğrafi Ad Giriş Elemanı Ermeniler
Genel Alt Bölümü Osmanlı İmparatorluğu
700 ## - KATMA GİRİŞ - KİŞİSEL İSİM
Kişisel Ad Ataöv, Türkkaya
942 ## - EKLENDİ GİRİŞ ELEMANLARI (KOHA)
Sınıflandırma Veya Raf Düzeni Kaynak
Koha Öğesi Türü Books
999 ## - SİSTEM KONTROL NUMARALARI (KOHA)
Koha Biblionumber 6581
Koha Biblioitemnumber 6581
Holdings
Kalıcı Konum Mevcut Konum Edinme Tarihi Edinim Kaynak Toplam Check-Out'Lar Tam Çağrı Numarası Barkod Tarih Son Görülme İtibaren Geçerli Fiyatlar Koha Öğesi Türü
CHP Kütüphanesi CHP Kütüphanesi 12/29/2016 Bağış   323.1472 O75 2002 010897 12/29/2016 12/29/2016 Books